[Event "RUS-chT Premier League Women 2018"]
[Site "Sochi"]
[Date "2018.05.02"]
[Round "2"]
[White "Ovod, Evgenija"]
[Black "Lysenko, Margarita"]
[Result "1/2-1/2"]
[WhiteElo "2371"]
[BlackElo "2220"]
[Annotator "TA"]
[PlyCount "263"]
[EventDate "2018.??.??"]
[EventCountry "RUS"]
[SourceTitle "playchess.com"]
[Source "ChessBase"]
[SourceQuality "1"]

{[%evp 23,262,32,43,39,73,31,31,35,48,-48,60,61,51,56,56,55,55,56,49,53,53,55,49,14,14,16,13,11,11,16,37,30,24,35,28,29,34,4,4,4,4,4,10,10,10,10,10,10,10,10,10,10,10,10,10,10,10,10,10,4,4,4,4,4,4,4,4,4,4,4,4,4,4,4,4,4,4,4,4,4,4,4,4,4,4,4,4,4,4,4,4,4,4,4,4,4,4,0,4,0,4,0,0,0,4,4,4,4,4,0,4,4,4,0,4,4,4,4,4,4,4,4,4,0,4,0,4,0,4,0,6,0,6,4,4,0,0,0,4,3,3,3,4,3,3,3,3,3,3,3,3,3,3,3,3,3,3,3,3,3,4,3,4,0,4,0,3,0,3,0,3,3,4,4,4,4,4,0,0,0,0,0,0,0,0,0,0,0,0,0,0,0,0,0,0,0,0,0,0,0,0,0,0,0,0,0,0,0,0,0,0,0,0,0,0,0,0,0,0,0,0,0,0,0,0,0,0,0,0,0,0,0,0,0,0,0,0,0,0,0,0]} 1. e4 c5 2. c3 g6 3. d4 cxd4 4. cxd4 d5 5. e5 Bg7 6. Nf3 Nh6 {[%cal Bg8h6,Bh6f7,Bf7e5,Be5d3][%mdl 32]} 7. h3 O-O 8. Nc3 Nc6 9. Bb5 f6 10. O-O Nf7 11. Re1 fxe5 12. Bxc6 bxc6 13. dxe5 {B31: Sicilian: 2...Nc6 3 Bb5 g6} d4 (13... e6 14. Na4 g5 15. Nc5 h6 16. Bd2 a5 17. Rc1 Qb6 18. Qc2 Rb8 19. b3 Qd8 20. Nd4 Qe8 21. Bxa5 Ra8 22. b4 Rxa5 23. bxa5 Nxe5 24. a6 Qf7 25. a7 Qxa7 26. Ndxe6 Re8 27. Rxe5 {1-0 (27) Lastin,A (2599)-Khusnutdinov,R (2411) St Petersburg 2006}) 14. Nxd4 Nxe5 15. Qb3+ {White is slightly better.} Kh8 16. Be3 (16. Rd1 $14) 16... Qb6 $146 (16... c5 $15 17. Ndb5 c4) ({Predecessor:} 16... c5 17. Nde2 c4 18. Qb5 {1-0 (47) Milliet,S (2365)-Pavlidou,E (2211) Beirut 2015}) 17. Na4 $14 Qxb3 18. axb3 Nd3 19. Red1 Nb4 20. Nb6 Rb8 $1 21. Nxc8 Rfxc8 22. Rxa7 Bf6 23. Rc1 c5 24. Ne6 {White wants to play Rd7.} Nd3 25. Rc4 {[%cal Re6c5]} Rxb3 26. Nxc5 Nxc5 27. Rxc5 Rxc5 28. Bxc5 Rxb2 29. Bxe7 $11 {[%mdl 4096] Endgame KRB-KRB} Bd4 30. Rd7 Bxf2+ {The position is equal.} 31. Kf1 Kg8 32. Bf6 Rb6 33. Be5 Bh4 {[#] And now ...Rb1+ would win.} 34. Rg7+ Kf8 {White must now prevent ...Bf6.} 35. Rxh7 Rb1+ 36. Ke2 Re1+ 37. Kf3 Rxe5 38. Rxh4 {KR-KR} Kg7 39. Re4 Ra5 40. Kg4 Kh6 41. Rb4 Rg5+ 42. Kf3 Rf5+ 43. Kg3 Rg5+ 44. Kh2 Ra5 45. Rc4 Kh5 46. Rd4 Rb5 47. Ra4 g5 48. Ra8 Rc5 49. Rb8 Ra5 50. Rc8 Rb5 51. Rd8 Ra5 52. Re8 Rb5 53. Rf8 Ra5 54. Rg8 Rb5 55. Rh8+ Kg6 56. Ra8 Kh5 57. Rc8 Ra5 58. Rd8 Rb5 59. Re8 Ra5 60. Rg8 Rb5 61. Rf8 Ra5 62. Kg3 Ra3+ 63. Rf3 Ra5 64. Re3 Kg6 65. Rb3 Kf5 66. Kf3 Ra4 67. Rb5+ Kf6 68. Rd5 Rf4+ 69. Ke3 Ra4 70. Rd4 Ra2 71. Kf3 Kf5 72. Rd5+ Kg6 73. Re5 Ra3+ 74. Re3 Ra2 75. Rb3 Kf5 76. Rc3 Rb2 77. Ra3 Rc2 78. g4+ Kf6 79. Ke4 Re2+ 80. Re3 Ra2 81. Rf3+ Kg6 82. Rd3 Re2+ 83. Kd5 Kf6 84. Rf3+ Kg6 85. Rc3 Rd2+ 86. Ke5 Re2+ 87. Kd4 Rd2+ 88. Rd3 Re2 89. Rb3 (89. Re3 $5 {[%cal Re3e2]} Rh2 90. Rb3 $14) 89... Rd2+ 90. Ke3 Rh2 91. Ke4 Re2+ 92. Re3 Ra2 93. Rd3 Re2+ 94. Kd5 Kf6 95. Rf3+ Kg6 96. Rc3 Rd2+ 97. Ke4 Re2+ 98. Kf3 Rh2 99. Rc6+ Kg7 100. Ke4 Rxh3 101. Kf5 Ra3 102. Rc7+ Kg8 103. Kxg5 Ra5+ 104. Kg6 {[%cal Rc7c8] [#]} (104. Kf4 {looks sharper.} Ra4+ 105. Kg3 Ra6 106. Kh4 Rh6+ 107. Kg5) 104... Ra6+ 105. Kh5 Ra5+ 106. g5 Ra6 107. Rb7 Rc6 108. Ra7 Rb6 109. Rd7 Ra6 110. Re7 Rb6 111. Kg4 Rb4+ 112. Kf5 Rb5+ 113. Kf6 {Threatening mate with Re8+.} Rb6+ 114. Kf5 Rb5+ 115. Kg6 {[%cal Re7e8]} Rb6+ 116. Kh5 Ra6 117. Rb7 Rc6 118. g6 Rc1 119. Rb5 Rh1+ 120. Kg5 Rg1+ 121. Kf6 {[%cal Rb5b8]} Rf1+ 122. Rf5 Rxf5+ 123. Kxf5 {KP-K} Kg7 124. Kg5 Kg8 125. Kg4 Kg7 126. Kh5 Kg8 127. Kh6 {g7 would kill now.} Kh8 128. Kg5 Kg7 129. Kf5 Kg8 130. Kf6 {White wants to mate with g7.} Kf8 131. g7+ Kg8 132. Kg6 $2 {[%mdl 8192] Precision: White = 74%, Black = 82%.} (132. Kf5 Kxg7) 1/2-1/2

[Event "RUS-chT Premier League Women 2018"]
[Site "Sochi"]
[Date "2018.05.02"]
[Round "2"]
[White "Bivol, Alina"]
[Black "Bodnaruk, Anastasia"]
[Result "1-0"]
[WhiteElo "2327"]
[BlackElo "2446"]
[Annotator "TA"]
[PlyCount "69"]
[EventDate "2018.??.??"]
[EventCountry "RUS"]
[SourceTitle "playchess.com"]
[Source "ChessBase"]
[SourceQuality "1"]

{[%evp 9,69,0,0,-16,20,11,19,5,12,4,60,66,63,48,57,37,41,30,56,55,60,32,61,68,90,69,69,35,30,29,45,31,89,41,27,25,238,100,256,244,257,207,254,250,214,217,226,201,234,229,246,176,350,370,335,306,975,961,1108,1104,29989,29990]} 1. e4 c5 2. Nc3 d6 3. d4 cxd4 4. Qxd4 Nc6 5. Qd2 (5. Bb5 Bd7 6. Bxc6 Bxc6 7. Nge2 Nf6 8. f3 e5 9. Qd3 h6 10. Be3 Be7 11. O-O-O {0-1 (37) Guseinov,G (2646)-Amonatov,F (2636) Riadh 2017}) 5... Nf6 6. b3 {B23: Closed Sicilian: Lines without g3} e5 $146 ({Predecessor:} 6... g6 7. Bc4 Bg7 8. Nf3 Nxe4 9. Nxe4 Bxa1 10. c3 Bf5 11. Neg5 e6 {0-1 (21) Windle,N (1316)-Zillmer,J (1435) IECC email 2000}) 7. Bb2 Be7 8. f4 {The position is equal.} O-O 9. O-O-O Nd4 ({Black should play} 9... Nh5 $11) 10. Kb1 $14 Bg4 11. Re1 Rc8 12. Bd3 Qa5 13. h3 Bd7 14. Rd1 Bd8 15. a3 Bc6 16. Nf3 Re8 17. Rhe1 a6 18. Qf2 Nxf3 19. Qxf3 exf4 20. Qxf4 Bd7 ({Black should try} 20... h6 $14) 21. b4 Qe5 22. Qd2 Qh5 $2 {[#]} (22... Qg3 $1 $11 {and Black is okay.}) 23. e5 $1 {[%mdl 512]} dxe5 $2 {[#]} (23... Rxe5 $16 24. Ne4 Nxe4 25. Bxe4 Rxe4 26. Rxe4 Qg6) 24. g4 $1 $18 {[%cal Rg4h5]} Qh4 25. g5 Nh5 {[#]} 26. Bxh7+ $1 {[%mdl 512]} Kxh7 27. Qxd7 Bxg5 28. Qxf7 Nf6 29. Qxb7 ({But not} 29. Rg1 $6 b5 $16) 29... Rc4 30. Nd5 {Black must now prevent Qf7.} (30. Qxa6 Bd2 $16) ({Don't take} 30. Rg1 Rec8) 30... Ne4 $2 (30... Qf2) 31. Qf7 ({Weaker is} 31. Qxa6 Nf2 $16) 31... Nd6 32. Qf1 Nb5 $2 (32... Qh5 33. Rxe5 Rxe5) 33. Qf5+ Kg8 34. Rg1 Bd8 35. Qg6 {Precision: White = 64%, Black = 25%.} 1-0

[Event "RUS-chT Premier League Women 2018"]
[Site "Sochi"]
[Date "2018.05.02"]
[Round "2"]
[White "Kryukova, Irina"]
[Black "Belenkaya, Dina"]
[Result "1/2-1/2"]
[WhiteElo "2261"]
[BlackElo "2297"]
[Annotator "TA"]
[PlyCount "132"]
[EventDate "2018.??.??"]
[EventCountry "RUS"]
[SourceTitle "playchess.com"]
[Source "ChessBase"]
[SourceQuality "1"]

{[%evp 26,132,0,3,5,0,0,-2,-4,-25,12,6,3,0,0,0,6,3,4,2,24,22,22,18,37,0,0,0,0,-8,0,0,0,-35,-29,-34,0,0,0,-21,-27,-35,0,0,0,0,0,0,0,0,0,0,0,0,0,0,0,0,0,0,50,0,0,0,0,0,0,0,0,-8,-8,-8,-8,-8,-8,-8,-8,-8,-8,-8,-8,-8,-8,-8,-7,-7,-7,-7,-7,-7,-7,-7,-7,-8,-8,-8,-8,-8,-8,-8,-8,-8,-8,-8,0,-8,0,0,0]} 1. e4 c6 2. d4 d5 3. Nc3 dxe4 4. Nxe4 Bf5 5. Ng3 Bg6 6. Nh3 Nd7 7. Nf4 e5 8. Nxg6 hxg6 9. dxe5 Qa5+ 10. Bd2 Qxe5+ 11. Qe2 Ngf6 12. O-O-O {B18: Classical Caro-Kann: 4...Bf5 sidelines} O-O-O 13. Qxe5 Nxe5 14. h3 {[#] LiveBook: 9 Games} Bd6 $146 ({Predecessor:} 14... Bc5 15. f4 Ned7 16. Bc4 Bf2 17. Nf1 Rhf8 18. Bb4 Bc5 19. Bxc5 Nxc5 {1-0 (50) Hou,Y (2629)-Motylev,A (2698) Biel 2014}) 15. f4 Ned7 16. Bc4 Rhf8 17. Rhf1 Nb6 18. Bb3 Nbd5 19. Bxd5 Nxd5 20. Ne4 Rfe8 21. Nxd6+ Rxd6 22. c4 Nf6 23. Bc3 Rxd1+ 24. Kxd1 Re4 25. Bxf6 gxf6 $14 {[%mdl 4096] Endgame KR-KR} 26. b3 Re3 27. Rf2 a5 28. Re2 Rg3 29. Kc2 Kd7 30. c5 a4 31. Kb2 Rd3 32. Ka3 axb3 33. axb3 Rd4 34. f5 gxf5 35. b4 f4 36. Ka4 f5 37. Ka5 Re4 38. Rd2+ Kc7 39. Rf2 Rd4 40. Re2 {aiming for Re7+.} Re4 41. Rf2 Kb8 (41... Kc8 {is more complex.} 42. Ra2 f3 43. gxf3 Rf4 44. b5 Rxf3 45. bxc6 Rxh3 46. cxb7+ Kxb7 47. Rf2 Kc6) 42. h4 Ka7 (42... Kc7 {feels hotter.} 43. Ka4 b6 44. cxb6+ Kxb6 45. h5 c5) 43. Ka4 (43. b5 {keeps more tension.} cxb5 44. Kxb5 Kb8 45. h5 Kc8 46. Rf1) 43... b6 {The position is equal.} 44. Kb3 bxc5 45. bxc5 Ka6 46. h5 Kb5 47. h6 Re3+ 48. Kc2 Re6 49. Rxf4 {[#] Strongly threatening Rh4.} Rxh6 {Hoping for ...Rh5.} 50. Rxf5 f6 51. g4 Rg6 52. Kc3 $1 Rxg4 53. Rxf6 Rc4+ 54. Kb3 Rxc5 55. Rf3 Rg5 56. Kc2 Rg4 57. Rh3 c5 58. Rf3 Rg2+ 59. Kc1 Kb4 60. Rh3 Re2 61. Rg3 c4 62. Rh3 Ra2 63. Rg3 Ra5 64. Kc2 Ra2+ 65. Kc1 $1 c3 {[#] Threatens to win with ...Kb3.} 66. Rg8 Ra5 {Precision: White = 73%, Black = 69%.} 1/2-1/2

[Event "RUS-chT Premier League Women 2018"]
[Site "Sochi"]
[Date "2018.05.02"]
[Round "2"]
[White "Balaian, Alina"]
[Black "Selifonova, Aleksandra"]
[Result "1-0"]
[WhiteElo "2228"]
[BlackElo "1890"]
[Annotator "TA"]
[PlyCount "103"]
[EventDate "2018.??.??"]
[EventCountry "RUS"]
[SourceTitle "playchess.com"]
[Source "ChessBase"]
[SourceQuality "1"]

{[%evp 24,103,8,0,49,47,52,52,106,87,83,8,13,3,104,100,237,251,236,184,255,271,273,188,250,213,209,120,125,63,106,96,103,64,129,109,217,211,228,218,234,229,241,224,247,241,223,216,208,137,283,162,284,257,369,368,500,500,487,463,696,689,680,678,806,778,884,883,990,979,1006,983,978,964,1155,1163,1165,1105,3037,2642,29996,1373]} 1. e4 e5 2. Nf3 Nc6 3. Bb5 {[%cal Bf1b5,Bb5a4,Ba4b3][%mdl 32]} a6 4. Ba4 g6 5. c3 Nge7 6. O-O Bg7 7. d4 exd4 8. cxd4 b5 {C60: Ruy Lopez: Unusual Black 3rd moves and 3...g6} 9. Bb3 (9. Bc2 d6 10. Nc3 Bg4 11. Be3 O-O 12. Qd2 Bxf3 13. gxf3 f5 14. Ne2 Qd7 15. Kh1 Kh8 16. a4 {1-0 (47) Saric,I (2669)-Movsesian,S (2647) Riadh 2017}) 9... O-O 10. Nc3 d6 11. h3 Na5 12. Bc2 c5 13. Bg5 {LiveBook: 35 Games. dxc5 is the strong threat.} Qc7 14. Rc1 Bb7 15. Bb1 h6 $146 ({Black should try} 15... Nc4 $14) ({Predecessor:} 15... Nc4 16. b3 {0-1 (56) Hapala,E (2042)-Galliamova,A (2434) Novi Sad 2016}) 16. Bf4 $16 {Black must now prevent dxc5.} Qb6 {[%cal Rc5d4]} 17. dxc5 (17. b3 $16) 17... dxc5 $11 18. Qd6 Nac6 {[#]} (18... Nc8 $11 {remains equal.} 19. Qc7 Qxc7 20. Bxc7 Nc4) 19. Be3 $1 $36 {[%mdl 2048] Black is under strong pressure.} b4 (19... Rfd8 $16 {was called for.} 20. Qxc5 (20. Bxc5 Qa5 $16) 20... Qxc5 21. Bxc5 Rd7) 20. Na4 $18 Qb5 21. b3 c4 (21... Rad8 $142 22. Qxc5 Bc8 23. Qxb5 axb5) 22. Rxc4 {Strongly threatening Rc5.} Rfd8 23. Qc5 Nc8 (23... Qxc5 {was necessary.} 24. Nxc5 Bc8) 24. Rcc1 Nd6 25. Qxb5 (25. Bf4 $18 Ne8 26. Nb6) 25... Nxb5 $16 26. Bb6 ({White should play} 26. Nb6 $16) 26... Rd6 27. Bc5 Re6 28. Be3 Bf8 (28... Nc3 $14) 29. Rfd1 Rd6 {[#]} (29... Ree8 $16 30. Rd7 Na5) 30. Rxd6 $1 $18 Bxd6 31. Bxh6 Re8 32. Be3 Nd8 33. Nd2 Ne6 34. Nc4 Bf4 35. Kf1 Rd8 36. g3 Bg5 (36... Bxe3 $16 37. fxe3 (37. Nxe3 Na3 $16) 37... Kf8) 37. h4 (37. Bxg5 $142 Nxg5 38. Nc5) 37... Bf6 (37... Bxe3 $142 38. fxe3 (38. Nxe3 Na3 $16) 38... Kg7) 38. Na5 Bc8 (38... Ba8 $142 39. Bb6 Re8) 39. Nc6 Rd7 40. Nb6 Bb2 41. Nxd7 Bxc1 (41... Bxd7 $142 42. Rc2 Bc3) 42. Ne7+ Kg7 43. Nxc8 Bb2 44. Nc5 Nec7 45. Bd3 Nc3 46. Bd4+ Kf8 47. Nxa6 Ne6 48. Be5 Ke8 49. Nxb4 Nxa2 50. Nd6+ Ke7 51. Nd5+ Kd7 52. Bb5+ {Precision: White = 63%, Black = 24%.} 1-0

[Event "RUS-chT Premier League Women 2018"]
[Site "Sochi"]
[Date "2018.05.02"]
[Round "2"]
[White "Smirnova, Ekaterina"]
[Black "Pogonina, Natalija"]
[Result "1/2-1/2"]
[WhiteElo "2153"]
[BlackElo "2457"]
[Annotator "TA"]
[PlyCount "144"]
[EventDate "2018.??.??"]
[EventCountry "RUS"]
[SourceTitle "playchess.com"]
[Source "ChessBase"]
[SourceQuality "1"]

{[%evp 21,144,-39,-24,-34,12,8,0,-41,-41,-44,-34,-43,-13,-77,-4,-6,17,8,12,6,11,8,14,8,75,72,51,0,0,-3,0,0,0,0,0,-25,-5,-8,-3,-6,0,0,0,0,0,0,16,17,21,35,67,67,67,66,118,118,90,66,61,60,141,141,141,105,105,33,141,0,85,0,89,16,17,8,17,17,17,17,17,17,141,141,141,141,141,141,141,141,141,141,141,141,141,141,141,141,141,141,141,141,141,141,141,141,141,8,141,8,8,0,141,141,141,141,141,141,141,0,141,141,141,0,141,0,8]} 1. d4 d5 2. c4 e6 3. cxd5 exd5 4. Nc3 c6 5. Nf3 Be7 6. Bf4 Nf6 7. Qc2 Nbd7 8. e3 Nh5 {D35: Queen's Gambit Declined: Exchange Variation} 9. Bg3 Nxg3 10. hxg3 Nf6 11. Bd3 h6 {LiveBook: 3 Games} 12. Nh4 h5 $146 ({Predecessor:} 12... g6 13. O-O-O Be6 14. Nf3 Qd6 15. Ne5 Ng4 16. Nxg4 Bxg4 17. f3 Be6 18. g4 O-O-O 19. Kb1 Kb8 20. Qf2 {½-½ (20) Brunner,N (2420)-Chernuschevich,A (2501) Nancy 2010}) 13. O-O-O Be6 14. Nf5 Bxf5 15. Bxf5 g6 16. Bd3 Qa5 17. g4 (17. Kb1 $11) 17... O-O-O (17... Nxg4 $17 18. Bxg6 fxg6 19. Qxg6+ Kd7 20. Rxh5 Rhg8 21. Qf5+ Kc7) 18. gxh5 $11 Rxh5 19. Rxh5 Nxh5 20. Rh1 Nf6 21. g4 {[%cal Bg2g4,Bg4g5][%mdl 32]} Bb4 22. g5 Ne4 (22... Ne8 $11) 23. Nxe4 $16 dxe4 24. Bxe4 (24. Bc4 $14) 24... Qxa2 $11 25. Rh7 Kb8 26. Bd3 Qa1+ 27. Qb1 Qa5 28. Rxf7 Qxg5 {aiming for ...Rxd4.} 29. Kc2 $132 {[%mdl 2048] White has counterplay} Qd5 30. Rh7 Rf8 31. Qg1 a5 32. Kb1 ({Much worse is} 32. Bxg6 a4 $17) 32... Ka7 33. Qxg6 Rg8 34. Qf7 Qxf7 35. Rxf7 Rf8 36. Rxf8 Bxf8 $14 {[%mdl 4096] Endgame KB-KB} 37. b3 Bg7 ({Black should try} 37... b5 $14) 38. Kc2 $16 b5 39. Bg6 Kb6 40. Kd3 Kc7 (40... c5 $1 $14) 41. f4 Bh6 42. Ke4 Kd6 43. Kf5 (43. Bh5 $16) 43... Bg7 (43... a4 $14 44. bxa4 bxa4) 44. Ke4 (44. Bh5 $142) 44... Bh6 45. Kd3 (45. Bh5 $16) 45... c5 {[#]} (45... Kc7 $1 $11) 46. dxc5+ (46. Be8 $1 $16) 46... Kxc5 $11 47. Ke4 a4 48. bxa4 bxa4 49. Bf7 Kd6 50. Ba2 Ke7 (50... Bf8 $11 {keeps the balance.}) 51. Kf5 $16 Bg7 52. Kg6 Bc3 {[#]} 53. e4 $1 {[%cal Be3e4,Be4e5][%mdl 32]} Bd2 54. Kf5 Kf8 55. e5 Ke7 56. Ke4 Bc1 57. f5 {[%cal Bf4f5,Bf5f6][%mdl 32]} Bg5 58. Kf3 Kf8 59. f6 Bd2 60. Ke4 Bb4 61. e6 a3 62. Kd5 Ke8 63. Bb3 (63. Kd4 $16) 63... Kd8 (63... a2 $1 $11 64. Bxa2 Bc3) 64. Kc6 (64. Kc4 $16 a2 65. Bxa2 (65. Kxb4 a1=Q $14)) 64... Bf8 $11 65. Kd5 (65. Ba2 $11) 65... Bb4 $1 $16 66. Ke4 Ke8 67. Kf5 Kf8 68. Kg6 Bc5 69. Kf5 (69. Ba2 $16) 69... Ke8 (69... Bb4 $1 $11 {remains equal.}) 70. Ke5 Bb4 71. Kd5 Kd8 72. Kc6 ({Better is} 72. Kd4 $16) 72... Bf8 {Precision: White = 52%, Black = 47%.} 1/2-1/2

[Event "RUS-chT Premier League Women 2018"]
[Site "Sochi"]
[Date "2018.05.02"]
[Round "2"]
[White "Ivanova, Karina"]
[Black "Nechaeva, Marina"]
[Result "0-1"]
[WhiteElo "2148"]
[BlackElo "2413"]
[Annotator "TA"]
[PlyCount "174"]
[EventDate "2018.??.??"]
[EventCountry "RUS"]
[SourceTitle "playchess.com"]
[Source "ChessBase"]
[SourceQuality "1"]

{[%evp 29,174,12,20,26,27,0,0,-6,0,0,0,-81,-56,-87,-83,-88,-87,-104,-89,-107,-89,-82,-79,-97,-89,-132,-49,-58,-58,-76,0,0,0,0,0,0,0,-47,8,0,0,0,0,0,0,0,59,71,72,89,95,-149,-145,-149,-124,-159,-141,-145,-149,-159,-158,-164,-157,-147,-128,-169,-162,-179,-144,-144,-144,-144,-144,-144,-144,-179,-179,-179,-179,-179,-179,-179,-182,-182,-179,-179,-181,-183,-170,-2558,-183,-183,-183,-178,-170,-12562,-11731,-12562,-8951,-7152,-6424,-4735,-3184,-178,-170,-170,-170,-8702,-8476,-3989,-83,-29964,-1752,-29967,-192,-29966,-29962,-29963,-29963,-5097,-5185,-29974,-29974,-29971,-29973,-29976,-29978,-29977,-29978,-29978,-29978,-29980,-29981,-29981,-29982,-29982,-29968,-29987,-29988,-29989,-29990,-29990,-29991,-29991,-29992,-29992,-29993]} 1. Nf3 Nf6 2. g3 g6 3. Bg2 Bg7 4. O-O O-O 5. c4 d6 6. d4 Nbd7 7. Nc3 e5 8. e4 Re8 9. h3 exd4 10. Nxd4 Nc5 11. Re1 a5 12. f3 c6 13. Be3 a4 14. Qc2 Qa5 15. Rad1 Nfd7 {LiveBook: 3 Games} 16. Nce2 $146 {E69: King's Indian: Fianchetto: 6...Nbd7 7 0-0 e5 8 e4 c6 9 h3} ({Predecessor:} 16. Bf1 Qb4 17. Kg2 Ne5 18. Nb1 Ne6 19. Qd2 Qxd2+ 20. Rxd2 f5 21. exf5 Nxd4 22. Bxd4 Bxf5 23. Bc3 Nxf3 24. Rxe8+ Rxe8 25. Kxf3 Bxb1 26. Bxg7 Kxg7 27. Rxd6 {0-1 (37) Jimenez,J (2289)-Zapata,A (2460) Quibdo 2015}) 16... Ne5 17. Nf4 Bd7 18. Kh2 {The position is equal.} Qa6 19. Nde2 Bf8 20. Rd4 (20. Nc1 $11) 20... f5 21. Red1 fxe4 22. fxe4 Ne6 23. Nxe6 Bxe6 24. b3 axb3 25. axb3 b5 26. cxb5 Qxb5 27. Rb1 Rab8 ({Better is} 27... Reb8 $17 {[%cal Re6b3]} 28. Rd2 Bxb3) 28. b4 $1 $15 Nc4 29. Bc1 Ra8 (29... Bg7 $17 {aiming for ...Rf8.} 30. Rd1 Qb6) 30. Nf4 $11 Na3 31. Bxa3 $1 Rxa3 32. Nxe6 Rxe6 33. Rb3 (33. Qb2 {is more complex.} Qa4 34. b5 Qxb5 35. Rb4 Qd3 36. Rf1) 33... Ra7 ({Black should play} 33... Qa4 $15 34. Rb2 Qxc2 35. Rxc2 Bg7) 34. Qc4 Qxc4 35. Rxc4 c5 36. b5 {b6 is the strong threat.} Ra2 37. b6 Re8 (37... Rf6 $1 $11 38. Ra4 (38. b7 Rff2 $11) 38... Re2) 38. b7 $14 Rb8 39. e5 $1 dxe5 40. Rd3 $2 (40. Rb6 $16 {and life is bright.}) 40... Rxb7 $1 $17 41. Ra4 Rab2 42. Kh1 Rc7 43. Bd5+ Kg7 44. h4 Rb4 45. Rxb4 cxb4 {[%mdl 4096] Endgame KRB-KRB} 46. Kg2 Bc5 47. Kf3 Bd4 48. Ke4 h5 49. Rf3 Rc3 50. Rxc3 Bxc3 {KB-KB} 51. Kf3 Be1 52. Be4 b3 {[%cal Bb4b3,Bb3b2][%mdl 32]} 53. Bd5 b2 54. Be4 Kf6 55. Bb1 g5 56. hxg5+ Kxg5 57. Be4 Kf6 58. Bb1 Bd2 59. Ke4 $2 (59. Be4) 59... Bc3 $2 (59... Bh6 60. Bc2 Kg5) 60. Kf3 $19 Ba5 61. Be4 Bd8 62. Bb1 $2 (62. Ke2) 62... Ke6 63. Ke4 Bc7 64. Ba2+ Kf6 65. Bb1 Ba5 66. Kf3 Bb4 67. Be4 Be7 68. Bb1 $2 {[#]} (68. Kf2) 68... Ke6 $1 {[%cal Re6d5]} 69. Ke4 Kd6 $2 (69... Bg5 $19 70. Kd3 Kf6) 70. Ba2 $2 {[%mdl 8192]} (70. Kd3 $17) 70... Bg5 (70... Bf6 $142 71. Kd3 Kc5 72. Kc2 e4 73. Bf7 Kb4 74. Ba2 e3 75. Kd3 Bd4 76. Bb1 Bc5 77. Ba2 Ka3 78. Bb1 Kb3 79. Ke2 Kc3 80. Bf5 Kd4 81. Kf3 Bd6 82. Bg6 {[#]} Bxg3 $1 {[%mdl 512]} 83. Kxg3 h4+ 84. Kxh4 e2 85. Kg3 e1=Q+ 86. Kf3 Qe3+ 87. Kg4 Qg1+ 88. Kh5 Ke5 89. Bd3 Qg3 90. Be2 b1=Q 91. Bg4 Qh7+ 92. Kg5 Qgh4#) 71. Bb1 Bh6 $2 (71... Bf6 {mates} 72. Kd3 Kc5 73. Kd2 Kc4 74. Ba2+ Kb4 75. Kd3 Ka3 76. Bb1 Kb3 77. Kd2 Be7 78. Ke3 Bc5+ 79. Ke2 Kc3 80. Bg6 Bg1 81. Be4 Bh2 82. Kf3 Kd2 83. Kg2 Kc1 84. g4 hxg4 85. Kh1 g3 86. Kg2 b1=Q 87. Bxb1 Kxb1 88. Kf3 Kc2 89. Kg2 e4 90. Kf1 e3 91. Ke2 g2 92. Kf3 g1=Q 93. Ke4 Qg5 94. Kd4 e2 95. Kc4 e1=Q 96. Kd4 Qeh4#) 72. Ba2 $2 (72. Kd3 $19) 72... Bg7 73. Bb1 Kc5 74. Kd3 Kb4 75. Ba2 Ka3 {Black mates.} 76. Bb1 Kb3 77. Ke2 Kc3 78. Ke3 Bf8 79. Ke4 Bd6 80. Ke3 Bc5+ 81. Ke2 Kd4 82. Kf3 Bb4 83. g4 {[#]} e4+ $1 {[%cal Be5e4,Be4e3][%mdl 32]} 84. Kg3 (84. Bxe4 hxg4+) 84... e3 85. Kf3 hxg4+ {[%cal Bh5g4,Bg4g3,Bg3g2][%mdl 32]} 86. Ke2 g3 87. Kf1 {[#]} g2+ $1 {Precision: White = 43%, Black = 65%.} 0-1

[Event "RUS-chT Premier League Women 2018"]
[Site "Sochi"]
[Date "2018.05.02"]
[Round "2"]
[White "Markelova, Lubov"]
[Black "Kovalevskaya, Ekaterina"]
[Result "0-1"]
[WhiteElo "2144"]
[BlackElo "2397"]
[Annotator "TA"]
[PlyCount "52"]
[EventDate "2018.??.??"]
[EventCountry "RUS"]
[SourceTitle "playchess.com"]
[Source "ChessBase"]
[SourceQuality "1"]

{[%evp 25,52,0,0,8,17,2,36,33,27,0,35,0,0,0,0,0,37,0,0,0,0,-187,-184,-29973,-29974,-29995,-29996,-29996,-348]} 1. Nf3 d5 2. d4 e6 3. c4 c5 4. cxd5 exd5 5. Nc3 Nc6 6. e3 Nf6 7. Bb5 Be7 8. dxc5 O-O 9. O-O Bxc5 10. b3 Bg4 11. Bb2 Qd6 {D32: Tarrasch Defence: Sidelines and lines without g3} (11... Rc8 12. Rc1 Bd6 13. Be2 Bb8 14. h3 Bh5 15. Nh4 Bg6 16. Nxg6 hxg6 17. Bf3 Qd6 18. g3 Rcd8 19. Nb5 Qd7 {½-½ (57) Fressinet,L (2667)-Grigoryan,K (2584) Barcelona 2017}) 12. Rc1 Rad8 $146 ({Predecessor:} 12... Bb6 13. Ne2 Ne4 14. Nf4 Rad8 15. h3 Bxf3 16. Qxf3 Ne5 17. Qh5 Ng6 18. Nxg6 fxg6 19. Qe5 Qxe5 20. Bxe5 {1-0 (56) Paredes Galan,E-Garcia Carbo,M (2315) Mondariz 1994}) 13. Be2 a6 {LiveBook: 12 Games. The position is equal.} 14. h3 Bc8 15. Bd3 Ba7 16. Ne2 Rfe8 17. Ned4 Ne4 18. Nxc6 (18. Bxe4 $5 dxe4 19. Nxc6 bxc6 20. Qxd6 Rxd6 21. Ne5 $14) 18... bxc6 19. Bxe4 Rxe4 20. Qc2 Re6 21. Bd4 Bb8 22. Qc5 Qd7 {Hoping for ...Rg6.} 23. Qc3 $2 (23. Qb4 $11 Bc7 24. Bb6) 23... Rg6 $19 {( -> ...Qxh3)} 24. Kh1 $2 {[#]} (24. Ne1 $19) 24... Rxg2 $1 {[%mdl 512] Black mates.} 25. Kxg2 Qxh3+ 26. Kg1 Qg4+ {Precision: White = 41%, Black = 61%.} 0-1